Statistics for Diana Wynne Jones Bibliography

Click here to take the quiz!

General Stats

  • This quiz has been taken 5 times
  • The average score is 35 of 120

Answer Stats

TypeYearName% Correct
Children's Novel1990Castle in the Air
100%
Children's Novel1984Fire and Hemlock
100%
Children's Novel1986Howl's Moving Castle
100%
Children's Novel1977Charmed Life
75%
Children's Novel1998Dark Lord of Derkholm
75%
Children's Novel1975Eight Days of Luke
75%
Children's Novel1988The Lives of Christopher Chant
75%
Children's Novel2006The Pinhoe Egg
75%
Children's Novel1982Witch Week
75%
Children's Novel1984Archer's Goon
50%
Children's Novel1987A Tale of Time City
50%
Children's Novel1991Black Maria
50%
Short Story1986Carol Oneir's Hundredth Dream
50%
Children's Novel1975Cart and Cwidder
50%
Children's Novel2005Conrad's Fate
50%
Interview1989Diana Wynne Jones: Writing for Children
50%
Children's Novel1975Dogsbody
50%
Children's Novel1977Drowned Ammet
50%
Children's Novel1993Hexwood
50%
Children's Novel2008House of Many Ways
50%
Short Story Collection2000Mixed Magics: Four Tales of Chrestomanci
50%
Children's Novel1976Power of Three
50%
Short Story2000Stealer of Souls
50%
Children's Novel1993The Crown of Dalemark
50%
Children's Novel2007The Game
50%
Children's Novel1981The Homeward Bounders
50%
Children's Novel2014The Islands of Chaldea
50%
Children's Novel1980The Magicians of Caprona
50%
Children's Novel2003The Merlin Conspiracy
50%
Children's Novel1974The Ogre Downstairs
50%
Children's Novel1979The Spellcoats
50%
Children's Novel1981The Time of the Ghost
50%
Short Story1984Warlock at the Wheel
50%
Short Story Collection1984Warlock at the Wheel and Other Stories
50%
Children's Novel1973Wilkins' Tooth
50%
Children's Novel2000Year of the Griffin
50%
Essay2012A Conversation with Diana Wynne Jones
25%
Essay1993Aiming for the Moon
25%
Poem2005A Slice of Life
25%
Novel1992A Sudden Wild Magic
25%
Short Story1984Aunt Bea's Day Out
25%
Short Story Collection1999Believing Is Seeing: Seven Stories
25%
Short Story1984Carruthers
25%
Children's Book1989Chair Person
25%
Novel1970Changeover
25%
Essay2012Characterization: Advice for Young Writers
25%
Essay2012Creating the Experience
25%
Novel1997Deep Secret
25%
Interview2006Diana Wynne Jones
25%
Short Story1984Dragon Reserve, Home Eight
25%
Children's Book2011Earwig and the Witch
25%
Children's Novel2010Enchanted Glass
25%
Short Story1999Enna Hittims
25%
Children's Book2006Enna Hittims
25%
Short Story1994Everard's Ride
25%
Short Story Collection1994Everard's Ride
25%
Short Story2005I'll Give You My Word
25%
Essay2012Inventing the Middle Ages
25%
Short Story2009JoBoy
25%
Short Story2002Little Dot
25%
Short Story1989Mela Worms
25%
Short Story Collection1996Minor Arcana
25%
Short Story1994Nad and Dan Adn Quaffy
25%
Short Story1984No One
25%
Children's Book1999Puss in Boots
25%
Essay Collection2012Reflections On the Magic of Writing
25%
Short Story2010Samantha's Diary
25%
Essay2012Some Hints on Writing
25%
Short Story Collection1993Stopping for a Spell: Three Fantasies
25%
Essay2012The Children in the Wood
25%
Short Story2002The Fat Wizard
25%
Short Story1984The Fluffy Pink Toadstool
25%
Children's Book1980The Four Grannies
25%
Essay2012The Girl Jones
25%
Short Story2002The Girl Jones
25%
Short Story1996The Girl Who Loved the Sun
25%
Short Story2002The Green Stone
25%
Essay2012The Heroic Ideal: A Personal Odyssey
25%
Short Story1989The Master
25%
Short Story1984The Plague of Peacocks
25%
Short Story1982The Sage of Theare
25%
Essay1995The Shape of the Narrative in 'The Lord of the Rings'
25%
Non-Fiction Book1984The Skiver's Guide
25%
Non-Fiction Book1996The Tough Guide to Fantasyland
25%
Short Story1994The True State of Affairs
25%
Essay1991Two Kinds of Writing
25%
Short Story Collection2002Unexpected Magic: Collected Stories
25%
Short Story1994What the Cat Told Me
25%
Essay2012When I Won the Guardian Award
25%
Children's Book1978Who Got Rid of Angus Flint?
25%
Children's Book1989Wild Robert
25%
Children's Book1992Yes, Dear
25%
Essay2012A Day Visiting Schools
0%
Essay2012Adress at Diana's Funeral
0%
Interview2011An Excerpt from a Conversation with Diana Wynne Jones
0%
Essay2012Answers to Some Questions
0%
Interview1997A Sudden Wild Mage: A Rough Guide to Diana Wynne Jones
0%
Essay2012A Talk About Rules
0%
Essay2012A Whirlwind Tour of Australia
0%
Essay2012Fantasies for Children
0%
Essay2012Fantasy Books for Children
0%
Essay2012Freedom to Write
0%
Essay1997Joan Aiken: Influences
0%
Essay2012Lecture One: Heroes
0%
Essay2012Lecture Two: Negatives and Positives in Children's Literature
0%
Essay2012Our Hidden Gifts
0%
Essay2012Reading C. S. Lewis's Narnia
0%
Essay2012Review of "Boy in Darkness" by Melvyn Peake
0%
Essay2012Something About the Author
0%
Essay2012Some Truths About Writing
0%
Play1968The Batterpool Business
0%
Essay2012The Halloween Worms
0%
Play1970The King's Things
0%
Essay2012The Origins of 'Changeover'
0%
Essay2012The Origins of 'The Merlin Conspiracy'
0%
Play1972The Terrible Fisk Machine
0%
Essay2012The Value of Learning Anglo-Saxon
0%
Essay2012Two Family Views of Diana and Her Work
0%
Essay1987Why Don't You Write Real Books?
0%
Essay2012Writing for Children: A Matter of Responsibility
0%

Score Distribution

Percentile by Number Answered

Percent of People with Each Score

Your Score History

You have not taken this quiz